Loading...
| History - European | 0 | 6 | 0 | 1 | 60 | 35 | 68.33 | 0 | 1 | 0.00 | 0.00 |
| History - World | 0 | 5 | 0 | 0 | 50 | 32 | 53.40 | 0 | 4 | 0.00 | 0.00 |
| Current Events | 0 | 3 | 0 | 1 | 30 | 74 | 96.67 | 0 | 0 | 0.00 | 0.00 |
| Science - Physics | 0 | 3 | 0 | 0 | 30 | 54 | 65.33 | 0 | 1 | 0.00 | 0.00 |
| Science - Other | 0 | 3 | 1 | 0 | 25 | 46 | 69.67 | 0 | 0 | 0.00 | 0.00 |
| Literature - World | 0 | 2 | 0 | 0 | 20 | 93 | 100.50 | 0 | 0 | 0.00 | 0.00 |
| Fine Arts - Other | 0 | 2 | 0 | 1 | 20 | 76 | 94.50 | 0 | 0 | 0.00 | 0.00 |
| Popular Culture | 0 | 2 | 0 | 1 | 20 | 60 | 84.50 | 0 | 0 | 0.00 | 0.00 |
| Philosophy | 0 | 1 | 0 | 0 | 10 | 81 | 81.00 | 0 | 0 | 0.00 | 0.00 |
| Religion | 0 | 1 | 0 | 0 | 10 | 73 | 73.00 | 0 | 0 | 0.00 | 0.00 |
| Geography | 0 | 1 | 0 | 0 | 10 | 87 | 87.00 | 0 | 0 | 0.00 | 0.00 |
| History - Other | 0 | 1 | 0 | 0 | 10 | 60 | 60.00 | 0 | 0 | 0.00 | 0.00 |
| Social Science | 0 | 1 | 1 | 0 | 5 | 84 | 84.00 | 0 | 0 | 0.00 | 0.00 |
| History - American | 0 | 1 | 1 | 0 | 5 | 57 | 57.00 | 0 | 1 | 0.00 | 0.00 |